000 00578nam a2200217Ia 4500
003 0100
008 130227s9999 xx 000 0 und d
020 _a9780797441484
040 _cARRUPELIB
050 _aJF1057.Z5P762
245 _aPolitical participation in Zimbabwe
260 _aHarare
260 _bAFCAST
300 _axii
300 _b 292p 21cm
650 _bMan (Theology) - Biblical teaching
_919730
650 _cBible OT - Theology
_919731
700 _aKaulemu, David (ed.)
_919732
700 _aKaulem, David (ed.)
_919733
942 _2lcc
_01
_cMONOGRAPH
999 _c1624
_d1624